书目信息 |
| 题名: |
辽、金、西夏史
|
|
| 作者: | 蔡美彪 , 吴天墀 著 | |
| 分册: | ||
| 出版信息: | 北京 中国大百科全书出版社 2011 |
|
| 页数: | 132页 | |
| 开本: | 24cm | |
| 丛书名: | ||
| 单 册: | ||
| 中图分类: | K246.09 | |
| 科图分类: | ||
| 主题词: | 辽金时代--liao jin shi dai--历史--通俗读物 , 西夏--xi xia--历史--通俗读物 | |
| 电子资源: | ||
| ISBN: | 978-7-5000-8501-0 | |
| 000 | 01039nam0 22002651 450 | |
| 001 | 0124140221 | |
| 005 | 20170324140221.0 | |
| 010 | @a978-7-5000-8501-0@dCNY26.00 | |
| 100 | @a20110615d2011 em y0chiy50 ea | |
| 101 | 0 | @achi |
| 102 | @aCN@b110000 | |
| 105 | @aa z 000yy | |
| 106 | @ar | |
| 200 | 1 | @a辽、金、西夏史@9liao jin xi xia shi@f蔡美彪,吴天墀著 |
| 210 | @a北京@c中国大百科全书出版社@d2011 | |
| 215 | @a132页@c图@d24cm | |
| 300 | @a中国大百科全书名家文库 | |
| 330 | @a本书根据原文的发展脉络,提取相关的政治、经济、历史、军事、科技、文化、宗教、地理及人物、传说、事件、著作等诸多知识点,作为知识链接,通过对正文知识点和背景知识的补充说明,帮助读者加深对名家文字的理解,并在版式上将正文中的链接知识点及链接注释文字。 | |
| 606 | 0 | @a辽金时代@9liao jin shi dai@x历史@j通俗读物 |
| 606 | 0 | @a西夏@9xi xia@x历史@j通俗读物 |
| 690 | @aK246.09@v5 | |
| 701 | 0 | @a蔡美彪@9cai mei biao@f(1928~)@4著 |
| 701 | 0 | @a吴天墀@9wu tian chi@f(1913~2004)@4著 |
| 801 | 0 | @aCN@bTANGWEI@c20170308 |
| 905 | @b0962299-302@dK246.09@e23@f4 | |
| 辽、金、西夏史/蔡美彪,吴天墀著.-北京:中国大百科全书出版社,2011 |
| 132页:图;24cm |
| 中国大百科全书名家文库 |
| ISBN 978-7-5000-8501-0:CNY26.00 |
| 本书根据原文的发展脉络,提取相关的政治、经济、历史、军事、科技、文化、宗教、地理及人物、传说、事件、著作等诸多知识点,作为知识链接,通过对正文知识点和背景知识的补充说明,帮助读者加深对名家文字的理解,并在版式上将正文中的链接知识点及链接注释文字。 |
| ● |
| 相关链接 |
|
|
|
|
正题名:辽、金、西夏史
索取号:K246.09/23
 
预约/预借
| 序号 | 登录号 | 条形码 | 馆藏地/架位号 | 状态 | 备注 |
| 1 | 0962299 | 209622997 | 第二样本阅览室/ [索取号:K246.09/23] | 在馆 | |
| 2 | 0962300 | 209623004 | 第二借阅区/ [索取号:K246.09/23] | 在馆 | |
| 3 | 0962301 | 209623013 | 第二借阅区/ [索取号:K246.09/23] | 在馆 | |
| 4 | 0962302 | 209623022 | 第二借阅区/ [索取号:K246.09/23] | 在馆 |